Методические рекомендации по разработке инструкций по охране труда при выполнении сварочных и газорезательных работ. Образцы инструкций по охране труда

Detaylı Bibliyografya
Dil:Rusça
Baskı/Yayın Bilgisi: СПб., Деан, 2005
Seri Bilgileri:Безопасность труда России
Konular:
Materyal Türü: MixedMaterials Kitap
KOHA link:https://koha.lib.tpu.ru/cgi-bin/koha/opac-detail.pl?biblionumber=106629

MARC

LEADER 00000nam0a2200000 4500
001 106629
005 20231031114952.0
010 |a 5936304663 
035 |a (RuTPU)RU\TPU\book\115142 
090 |a 106629 
100 |a 20061211d2005 k y0rusy50 ca 
101 0 |a rus 
102 |a RU 
105 |a y l 000zy 
200 1 |a Методические рекомендации по разработке инструкций по охране труда при выполнении сварочных и газорезательных работ. Образцы инструкций по охране труда 
210 |a СПб.  |c Деан  |d 2005 
215 |a 64 с. 
225 1 |a Безопасность труда России 
610 1 |a сварка 
610 1 |a газосварка 
610 1 |a сварочные работы 
610 1 |a газовая резка 
610 1 |a охрана труда 
610 1 |a безопасность 
610 1 |a образцы 
610 1 |a инструкции 
610 1 |a методические рекомендации 
675 |a 621.791:658.345(083)  |v 3 
801 1 |a RU  |b 63413507  |c 20061211  |g PSBO 
801 2 |a RU  |b 63413507  |c 20061229  |g PSBO 
942 |c BK